Οργάνωση και διοίκηση ναυτιλιακών επιχειρησέων / (Record no. 9992)
[ view plain ]
| 000 -LEADER | |
|---|---|
| fixed length control field | 03841nam a22002297a 4500 |
| 003 - ΤΑΥΤΟΤΗΤΑ ΤΟΥ ΑΡΙΘΜΟΥ ΕΛΕΓΧΟΥ | |
| Πεδίο ελέγχου | GR-AtMCL |
| 005 - ΗΜΕΡΟΜΗΝΙΑ ΚΑΙ ΩΡΑ ΤΕΛΕΥΤΑΙΑΣ ΕΝΗΜΕΡΩΣΗΣ | |
| Πεδίο ελέγχου | 20251217115951.0 |
| 006 - FIXED-LENGTH DATA ELEMENTS--ADDITIONAL MATERIAL CHARACTERISTICS | |
| Πεδίο ελέγχου σταθερού μήκους | a|||||r||||||||||| |
| 008 - FIXED-LENGTH DATA ELEMENTS--GENERAL INFORMATION | |
| Πεδίο ελέγχου σταθερού μήκους | s2019||||gr g ||| gre d |
| 020 ## - ISBN | |
| ISBN | 9789602218280 |
| 040 ## - ΠΗΓΗ ΚΑΤΑΛΟΓΟΓΡΑΦΗΣΗΣ | |
| Γλώσσα καταλογογράφησης | Ελληνικά, Μοντέρνα (1453-) |
| Φορέας πρωτότυπης καταλογογράφησης | MC Athens Campus Library |
| Modifying agency | MC Athens Campus Library |
| Κανόνες περιγραφικής καταλογογράφησης | AACR2 |
| 100 1# - MAIN ENTRY--PERSONAL NAME | |
| Personal name | Θεοτοκάς, Γιάννης |
| 9 (RLIN) | 8840 |
| 245 00 - ΤΙΤΛΟΣ ΚΑΙ ΔΗΛΩΣΗ ΥΠΕΥΘΥΝΟΤΗΤΑΣ | |
| Τίτλος | Οργάνωση και διοίκηση ναυτιλιακών επιχειρησέων / |
| Statement of responsibility, etc. | Γιάννης Θεοτοκάς |
| 250 ## - EDITION STATEMENT | |
| Edition statement | 3η εμπλ. έκδ. |
| 260 ## - PUBLICATION, DISTRIBUTION, ETC. | |
| Place of publication, distribution, etc. | Αθήνα : |
| Name of publisher, distributor, etc. | Αλεξάνδρεια, |
| Date of publication, distribution, etc. | 2019 |
| 300 ## - PHYSICAL DESCRIPTION | |
| Extent | 635 σ. : |
| Other physical details | εικ. ; |
| Διαστάσεις | 24 εκ. |
| 520 ## - SUMMARY, ETC. | |
| Summary, etc. | Οι ναυτιλιακές επιχειρήσεις, ιδιαίτερα όσες δραστηριοποιούνται στις παγκόσμιες ναυλαγορές, αποτελούν ένα συναρπαστικό αντικείμενο μελέτης. Είναι πολύπλοκοι οργανισμοί, που καλούνται να λειτουργήσουν σε ένα σύνθετο και δυναμικό επιχειρηματικό περιβάλλον, το οποίο δεν έχει γεωγραφικά όρια. Οι ιδιαιτερότητες αυτού του περιβάλλοντος προσανατολίζουν τις επιχειρήσεις σε επιλογές που συμβάλλουν στην ενίσχυση της ανταγωνιστικότητάς τους, όπως η διαφοροποίηση του τόπου λειτουργίας πλοίων και γραφείων, αλλά και του θεσμικού πλαισίου τους, και η απασχόληση σε αυτές πολυπολιτισμικού ανθρώπινου δυναμικού. Όλοι αυτοί οι παράγοντες οδηγούν, αναπόφευκτα, σε προσαρμογές όσον αφορά την οργάνωση και τη διοίκηση των επιχειρήσεων, προκειμένου να αναζητηθούν λύσεις για τη βελτίωση της αποτελεσματικότητας και της αποδοτικότητάς τους. Στην παρούσα μελέτη εξετάζεται η ναυτιλιακή επιχείρηση σε συνάρτηση με το περιβάλλον στο οποίο κινείται, αναλύονται οι λειτουργίες της, η οργάνωσή της και οι παράγοντες που την προσδιορίζουν, καθώς και η τμηματοποίησή της, ενώ αναπτύσσονται θέματα σχετικά με το ανθρώπινο δυναμικό της, τη διοίκηση ασφάλειας, την εξωτερίκευση λειτουργιών και την Εταιρική Κοινωνική Ευθύνη. Το θεωρητικό πλαίσιο συμπληρώνεται με μελέτες περιπτώσεων και αναφορές σε επιτυχημένες πρακτικές ναυτιλιακών επιχειρήσεων από την Ελλάδα και το εξωτερικό. Ιδιαίτερη έμφαση δίνεται στις επιχειρήσεις της χύδην φορτηγού ναυτιλίας, γιατί όχι μόνο αποτελούν την αγορά με τη μεγαλύτερη πολυμορφία και τις περισσότερες ιδιαιτερότητες, αλλά, επιπλέον, σε αυτήν δραστηριοποιούνται με απόλυτη επιτυχία οι περισσότερες ελληνόκτητες επιχειρήσεις. |
| 650 #0 - SUBJECT ADDED ENTRY--TOPICAL TERM | |
| Topical term or geographic name entry element | Διοίκηση Επιχειρήσεων |
| 9 (RLIN) | 9939 |
| 650 #0 - SUBJECT ADDED ENTRY--TOPICAL TERM | |
| Topical term or geographic name entry element | Ναυτιλία |
| General subdivision | Διοίκηση και οργάνωση. |
| 9 (RLIN) | 10187 |
| 942 ## - ADDED ENTRY ELEMENTS (KOHA) | |
| Koha item type | Books |
| Τύπος τεκμηρίου | Βιβλιοθήκη | Τρέχουσα τοποθεσία | Barcode | Αριθμός εισαγωγής | Ημερομηνία απόκτησης | Ταξιθετικό σύμβολο | Αριθμός αντιτύπου | Κατάσταση απόσυρσης | Κατάσταση χαμένου | Κατάσταση κατεστραμμένου | Μη δανεισμός | Σύνολο δανεισμών | Σύνολο ανανεώσεων | Ημερομηνία λήξης | Ημερομηνία τελευταίας εμφάνισης | Χρονολογία τελευταίου δανεισμού | Η τιμή ισχύει από |
|---|---|---|---|---|---|---|---|---|---|---|---|---|---|---|---|---|---|
| Books | MC Athens Campus Library | MC Athens Campus Library | 9780000099969 | 8194 | 17/12/2025 | 658.788 ΘΕΟ | 1 | 1 | 2 | 17/04/2026 | 27/03/2026 | 27/03/2026 | 17/12/2025 |